|
|
|
|
| LEADER |
01347nam a2200301 a 4500 |
| 001 |
37265 |
| 003 |
BD-DhAAL |
| 008 |
210121t2017 caua|||| |||| 001 0 eng d |
| 999 |
|
|
|c 41680
|d 41680
|
| 020 |
|
|
|a 9789352136377
|
| 020 |
|
|
|a 9781491954164
|
| 040 |
|
|
|a BD-DhAAL
|
| 082 |
|
|
|a 005.133
|2 23
|
| 100 |
|
|
|a Mak, Sander.
|9 40731
|
| 245 |
|
|
|a Java 9 modularity :
|b patterns and practices for developing maintainable applications /
|c Sander Mak and Paul Bakker.
|
| 246 |
|
|
|a Java nine modularity
|
| 260 |
|
|
|b Beijing, China :
|a O'reilly,
|c c2017.
|
| 300 |
|
|
|a xviii, 279 pages :
|b illustrations ;
|c 24 cm.
|
| 500 |
|
|
|a Includes index.
|
| 526 |
|
|
|a CSE
|
| 541 |
|
|
|a Hye Trade International
|e 37265, 37266
|
| 650 |
|
|
|a Java (Computer program language)
|9 40732
|
| 650 |
|
|
|a Computer science
|9 42571
|
| 700 |
|
|
|a Bakker, Paul,
|e author.
|9 40733
|
| 852 |
|
|
|a Ayesha Abed Library
|c General Stacks
|
| 942 |
|
|
|2 ddc
|c BK
|
| 952 |
|
|
|0 0
|1 0
|2 ddc
|4 0
|6 005_133000000000000_MAK
|7 0
|9 69063
|a BRACUL
|b BRACUL
|c GEN
|d 2020-11-29
|e Hye Trade International
|g 777.00
|l 0
|o 005.133 MAK
|p 3010037265
|r 2020-11-29
|t 1
|v 777.00
|w 2020-11-29
|y BK
|x Received During Pandemic
|
| 952 |
|
|
|0 0
|1 0
|2 ddc
|4 0
|6 005_133000000000000_MAK
|7 0
|9 69064
|a BRACUL
|b BRACUL
|c GEN
|d 2020-11-29
|e Hye Trade International
|g 777.00
|l 0
|o 005.133 MAK
|p 3010037266
|r 2020-11-29
|t 2
|v 777.00
|w 2020-11-29
|y BK
|x Received During Pandemic
|